书目信息 |
| 题名: |
电视批评论
|
|
| 作者: | 欧阳宏生 著 | |
| 分册: | ||
| 出版信息: | 北京 中国广播电视出版社 2000.6 |
|
| 页数: | 452页 | |
| 开本: | 20cm | |
| 丛书名: | 新世纪电视理论文库 | |
| 单 册: | ||
| 中图分类: | G220 | |
| 科图分类: | ||
| 主题词: | 电视节目--评论 | |
| 电子资源: | ||
| ISBN: | 7-5043-3511-8 | |
| 000 | 00619nam0 2200217 45 | |
| 001 | 0201281068 | |
| 005 | 20031219104053.3 | |
| 010 | @a7-5043-3511-8@dCNY28.00 | |
| 100 | @a20020128d2000 km y0chiy0120 ea | |
| 101 | 0 | @achi |
| 105 | @a z 000yy | |
| 200 | 1 | @a电视批评论@ADian Shi Pi Ping Lun@f欧阳宏生著@FOu Yang Hong Sheng Zhu |
| 210 | @a北京@c中国广播电视出版社@d2000.6 | |
| 215 | @a452页@d20cm | |
| 225 | @a新世纪电视理论文库 | |
| 410 | @12001 @a新世纪电视理论文库 | |
| 606 | 0 | @a电视节目@x评论 |
| 690 | @aG220@v4 | |
| 701 | 0 | @a欧阳宏生@4著 |
| 801 | @aCN@bTSTC@c20020128 | |
| 905 | @b306017-021@dG220@e10@f5 | |
| 电视批评论/欧阳宏生著.-北京:中国广播电视出版社,2000.6 |
| 452页;20cm.-(新世纪电视理论文库) |
| ISBN 7-5043-3511-8:CNY28.00 |
| ● |
| 相关链接 |
|
|
|
|
正题名:电视批评论
索取号:G220/10
 
预约/预借
| 序号 | 登录号 | 条形码 | 馆藏地/架位号 | 状态 | 备注 |
| 1 | 0306017 | 203060178 | 第四借阅区/ [索取号:G220/10] | 在馆 | |
| 2 | 0306018 | 203060187 | 第四借阅区/ [索取号:G220/10] | 在馆 | |
| 3 | 0306019 | 203060196 | 第四借阅区/ [索取号:G220/10] | 在馆 | |
| 4 | 0306020 | 203060203 | 第四借阅区/ [索取号:G220/10] | 在馆 | |
| 5 | 0306021 | 203060212 | 第一样本阅览室/ [索取号:G220/10] | 在馆 |